Name The Best NBA Players Who Wear/Wore The Number 23 - Statistics

General Stats
  • This quiz has been taken 41 times
  • The average score is 4 of 8
Answer Stats
Team Worn On Player % Correct
Lakers,Cavaliers Lebron James
100%
Bulls,Wizards Michael Jordan
97%
Warriors Draymond Green
64%
New Orleans Pelicans+Hornets Anthony Davis
53%
Magic,Warriors,76ers,Suns Jason Richardson
17%
New Orleans Hornets J.R. Smith
14%
Pacers Metta World-Peace, Ron Artest
11%
Nuggets,Knicks,Trail Blazers Marcus Camby
8%
No matching quizzes found
Score Distribution
Percent of People with Each Score
Percentile by Number Answered
Your Score History
You have not taken this quiz